Science Quiz

Random Science or Clickable Quiz
Score 0/16 Timer 03:00
0 Plays Today
% Correct
Viagra
92%
Naproxen
68%
Omeprazole
68%
Benadryl
68%
Sertraline
60%
Rogaine
60%
Adderall
60%
Zopiclone
56%
% Correct
Uloric
56%
Plavix
56%
Hydrochlorothiazide
48%
Lyrica
48%
Exelon
48%
Symlin (Pramlintide)
44%
Estratest
40%
Entocort EC
36%
Remove Ads.
Support Sporcle.
Get the best of Sporcle when you Go Orange. This ad-free experience offers more features, more stats, and more fun while also helping to support Sporcle. Thank you for becoming a member.

You're not logged in!

Compare scores with friends on all Sporcle quizzes.
OR
Log In

Show Comments

Extras

Created Jan 10, 2015ReportNominate
Tags:Clickable Quiz, common, Tablet

Top Quizzes Today


Score Distribution

Your Account Isn't Verified!

In order to create a playlist on Sporcle, you need to verify the email address you used during registration. Go to your Sporcle Settings to finish the process.

Report this User

Report this user for behavior that violates our Community Guidelines.

Details: